| 000 | 00515nam a2200193Ia 4500 | ||
|---|---|---|---|
| 005 | 20250423095928.0 | ||
| 008 | 250422s9999 xx 000 0 und d | ||
| 020 | _a9780136005049 | ||
| 050 | _aLB 2343.32 .C37/ | ||
| 100 | _aCarol Carter | ||
| 245 | 0 | _aKeys to success: building analytical, creative, and practical skills | |
| 250 | _a6th ed. | ||
| 260 | _aOhio | ||
| 260 | _bPearson Education, Inc. | ||
| 260 | _c2009 | ||
| 300 | _a423 p | ||
| 650 | _aStudy skills- handbooks, manuals, etc | ||
| 942 | _cBK | ||
| 999 |
_c31760 _d31760 |
||